01494nam a2200301 i 4500003000900000005001700009007000300026008004100029040003000070082001300100100002900113245018200142264008700324300003800411336002700449337003300476338002800509500006700537590002700604700004400631700005100675700003800726910001400764942001400778952018700792952019600979999001701175DO-SdBNP20240301110440.0ta240301s1994 dr a b 000 0 spa d aDO-SdBNPbspacBNPHUerda bL181222 aLagual, Valentina92927410aMatemática y ciencias naturales :b3er. grado /cmatemáticas Valentina Lagual, Mercedes Almonte Valdez ; ciencias naturales Andrea Griselda Ricón Ozuna, Carmen Elena Cruz  1aSanto Domingo :bSecretaria de Estado de Educación Bellas Artes y Cultos,c1994. a2 libros bilustraciones c27 cm. 2rdacontentatextobtxt 2rdamediaasin mediaciónbn 2rdacarrieravolumenbnc aLa biblioteca posee el libro del alumno y cuaderno de trabajo. aInventariado, 2024/ YL12aAlmonte Valdez, Mercedes929275eautora 2aRincón Ozuna, Andrea Griselda925917eautora12aCruz, Carmen Elenaeautora984066 aYLockward 2ddccLBS1 00102ddc51708CIJ-PDaBNPHUbBNPHUcCTd2021-12-16eDonado por Colegio Nuestra Señora de Lourdesl0oBNPHU CIJ-PD L181p2024-1224r2024-03-01w2024-03-01yLBS1zLibro del alumno 00102ddc51708CIJ-PDaBNPHUbBNPHUcCTd2021-12-16eDonado por Colegio Nuestra Señora de Lourdesl0oBNPHU CIJ-PD L181p2024-1225r2024-03-01te. 2w2024-03-01yLBS1zCuaderno de trabajo c56018d56018